Hóa học 11 nâng cao
Những kiến thức về sự điện li, nhóm nitơ, nhóm cacbon, đại cương về hóa học hữu cơ, ...
Kaydedildi:
| Yazar: | |
|---|---|
| Materyal Türü: | Kitap |
| Dil: | Undetermined |
| Baskı/Yayın Bilgisi: |
Hà Nội
Giáo Dục Việt Nam
2016
|
| Konular: | |
| Etiketler: |
Etiketle
Etiket eklenmemiş, İlk siz ekleyin!
|
| Thư viện lưu trữ: | Trung tâm Học liệu Trường Đại học Cần Thơ |
|---|
| LEADER | 01047nam a2200241Ia 4500 | ||
|---|---|---|---|
| 001 | CTU_217372 | ||
| 008 | 210402s9999 xx 000 0 und d | ||
| 020 | |c 19000 | ||
| 082 | |a 540.712 | ||
| 082 | |b Tr431 | ||
| 100 | |a Lê, Xuân Trọng | ||
| 245 | 0 | |a Hóa học 11 nâng cao | |
| 245 | 0 | |c Lê Xuân Trọng (Tổng chủ biên) | |
| 260 | |a Hà Nội | ||
| 260 | |b Giáo Dục Việt Nam | ||
| 260 | |c 2016 | ||
| 520 | |a Những kiến thức về sự điện li, nhóm nitơ, nhóm cacbon, đại cương về hóa học hữu cơ, ... | ||
| 526 | |a Thiết kế bài tập Hóa học,Đánh giá kết quả học tập Toán và Khoa học tự nhiên,Phát triển chương trình giáo dục Toán và Khoa học tự nhiên | ||
| 526 | |b SP519,SG422,SG431 | ||
| 650 | |a Hóa học,Chemistry | ||
| 650 | |x Dạy và học (Trung học),Study and teaching (Secondary) | ||
| 904 | |i Cúc,My,Hải | ||
| 980 | |a Trung tâm Học liệu Trường Đại học Cần Thơ | ||